000 00353nam a2200145Ia 4500
008 150201s2006 xx 000 0 und d
082 _a610.7369
_bO06H
100 _aHOSSAIN, A.S.M.T.
245 _aOCCUPATIONAL DISEASE & POISONING
250 _a1ST
260 _bAITBS
_aDELHI
_c2006
300 _a185
650 _aFORENSIC MEDICINE
942 _2ddc
_cBK
999 _c2414
_d2414